000 00873nas a2200277 4500
001 BR2014001647
003 BR-BrBNA
005 20231205123808.0
007 ta
008 230509b bl.|||p| |||| 00| 00por d
040 _aBR-BrBNA
_bpor
_cBiblioteca Nacional de Agricultura
041 _a(Pt)
072 _aF04; F01
100 1 _aSouza, F.S. de
100 1 _aFarinelli, R.
100 1 _aRosolem, C.A.
245 1 _aDesenvolvimento radicular do algodoeiro em resposta à localização do fertilizante
650 _aALGODÃO
650 _aADUBAÇÃO
650 _aSEMEADURA
650 _aRAIZ
773 0 _tRevista Brasileira de Ciência do Solo (Brazil)
_xISSN 0100-0683
_g(Mar-Apr 2007), v. 31(2) p. 387-392
_wBR2014001647
856 4 0 _uhttp://www.scielo.br/pdf/rbcs/v31n2/a21v31n2.pdf
909 _a202311
_bLúcia
_c55
_dLúcia Elande
942 _2AGRIS
_n0
_cANA
999 _c235743
_d235743